ბათუმის შოთა რუსთაველის სახელმწიფო უნივერსიტეტის ბიბლიოთეკა

ჩამდინარე წყლების გაწმენდა (ბიბ.ჩანაწერი № 39143)

000 -LEADER
fixed length control field 00710nam a2200217Ia 4500
001 - CONTROL NUMBER
control field 5726
003 - CONTROL NUMBER IDENTIFIER
control field GE_BSU
008 - FIXED-LENGTH DATA ELEMENTS--GENERAL INFORMATION
fixed length control field 181216s||||||||xx |||||||||||||| ||und||
040 ## - CATALOGING SOURCE
Transcribing agency GE_BSU
080 ## - UNIVERSAL DECIMAL CLASSIFICATION NUMBER
Universal Decimal Classification number 628.3(075.8)
100 ## - MAIN ENTRY--PERSONAL NAME
Personal name ნამგალაძე,პ.
245 ## - TITLE STATEMENT
Title ჩამდინარე წყლების გაწმენდა
245 ## - TITLE STATEMENT
Statement of responsibility, etc. რედ.პ.ლაბარტყავა
260 ## - PUBLICATION, DISTRIBUTION, ETC.
Place of publication, distribution, etc. თბილისი
260 ## - PUBLICATION, DISTRIBUTION, ETC.
Name of publisher, distributor, etc. განათლება
260 ## - PUBLICATION, DISTRIBUTION, ETC.
Date of publication, distribution, etc. 1978
300 ## - PHYSICAL DESCRIPTION
Extent 267გვ.ილ.22სმ.
300 ## - PHYSICAL DESCRIPTION
Accompanying material ბიბლიოგრ. გვ.262-263
653 ## - INDEX TERM--UNCONTROLLED
Uncontrolled term ჩამდინარე წყლების გაწმენდა
942 ## - ADDED ENTRY ELEMENTS (KOHA)
Koha item type წიგნი

არაა ხელმისაწვდომი ეგზემპლარები.